Hechos de Israel / (Registro nro. 35298)
[ vista simple ]
| 000 -CABECERA | |
|---|---|
| campo de control de longitud fija | 00910nam a2200241 a 4500 |
| 001 - NÚMERO DE CONTROL | |
| campo de control | 000035807 |
| 003 - IDENTIFICADOR DEL NÚMERO DE CONTROL | |
| campo de control | DO-SdBNP |
| 005 - FECHA Y HORA DE LA ÚLTIMA TRANSACCIÓN | |
| campo de control | 20231121104251.0 |
| 008 - DATOS DE LONGITUD FIJA--INFORMACIÓN GENERAL | |
| campo de control de longitud fija | 100914s1986 sp abc r 000 0bspa d |
| 040 ## - FUENTE DE LA CATALOGACIÓN | |
| Centro catalogador/agencia de origen | DO-SdBNP |
| Lengua de catalogación | spa |
| Centro/agencia transcriptor | BNPHU |
| 082 #4 - NÚMERO DE LA CLASIFICACIÓN DECIMAL DEWEY | |
| Número de clasificación | 956.94 |
| Número de documento/Ítem | H447i |
| Número de edición | 22 |
| 245 00 - MENCIÓN DE TÍTULO | |
| Título | Hechos de Israel / |
| Mención de responsabilidad, etc. | edición, Ellen Hirsch ; traducción, Esther Benger. |
| 260 ## - PUBLICACIÓN, DISTRIBUCIÓN, ETC. | |
| Lugar de publicación, distribución, etc. | Jerusalen : |
| Nombre del editor, distribuidor, etc. | Ministerio de Relaciones Exteriores. División de Información de Jerusalén, |
| Fecha de publicación, distribución, etc. | 1986. |
| 300 ## - DESCRIPCIÓN FÍSICA | |
| Extensión | 164 p. : |
| Otras características físicas | il., mapas, retrs. ; |
| Dimensiones | 21 cm. |
| 504 ## - NOTA DE BIBLIOGRAFÍA, ETC. | |
| Nota de bibliografía, etc. | Bibliografía : p. 160-164 |
| 590 ## - NOTA LOCAL (RLIN) | |
| Nota local | Perteneció a la biblioteca personal de Juan Isidro Jimenes Grullón. |
| 651 #4 - PUNTO DE ACCESO ADICIONAL DE MATERIA--NOMBRE GEOGRÁFICO | |
| Nombre geográfico | Israel |
| Subdivisión general | Condiciones sociales |
| 9 (RLIN) | 45492 |
| 651 #4 - PUNTO DE ACCESO ADICIONAL DE MATERIA--NOMBRE GEOGRÁFICO | |
| Nombre geográfico | Israel |
| Subdivisión general | Descripciones y viajes |
| 9 (RLIN) | 45493 |
| 651 #4 - PUNTO DE ACCESO ADICIONAL DE MATERIA--NOMBRE GEOGRÁFICO | |
| Nombre geográfico | Israel |
| Subdivisión general | Condiciones económicas |
| 9 (RLIN) | 45494 |
| 700 1# - PUNTO DE ACCESO ADICIONAL--NOMBRE DE PERSONA | |
| Nombre de persona | Hirsch, Ellen |
| Término indicativo de función/relación | ed. |
| 9 (RLIN) | 45495 |
| 700 1# - PUNTO DE ACCESO ADICIONAL--NOMBRE DE PERSONA | |
| Nombre de persona | Benger, Esther |
| Término indicativo de función/relación | tr. |
| 9 (RLIN) | 34080 |
| 942 ## - ELEMENTOS DE PUNTO DE ACCESO ADICIONAL (KOHA) | |
| Fuente del sistema de clasificación o colocación | Dewey Decimal Classification |
| Tipo de ítem Koha | Libro |
| Estado de retiro | Estado de pérdida | Fuente del sistema de clasificación o colocación | Restricciones de uso | No para préstamo | Código de colección | Localización permanente | Ubicación/localización actual | Ubicación en estantería | Fecha de adquisición | Número de inventario | Total de préstamos | Signatura topográfica completa | Código de barras | Fecha visto por última vez | Precio válido a partir de | Tipo de ítem Koha | Nota pública |
|---|---|---|---|---|---|---|---|---|---|---|---|---|---|---|---|---|---|
| Dewey Decimal Classification | Préstamo en sala | General | Biblioteca Nacional Pedro Henríquez Ureña | Biblioteca Nacional Pedro Henríquez Ureña | En catalogación | 14.11.2011 | LF1 | BNPHU GR 956.94 H447i | 35807-10 | 25.06.2020 | 25.06.2020 | Libro | Perteneció a la biblioteca personal de Juan Isidro Jimenes Grullón. |
